000 00697nam a22002417a 4500
003 UA-OsUOA
001 78161
007 ta
008 20111003b un ||||| |||| 00| 0 ukr d
100 _aКучерявенко Н. П.
090 _a347.73:336.22(075.8)
_bК95
942 _cBK
040 _aUA-OsUOA
_brus
_cUA-OsUOA
_dUA-OsUOA
245 _aНалоговый процес
_bУчебное пособие
300 _a392 с.
955 _a2
041 _arus
080 _a347.73:336.22(075.8)
020 _a978-966-2183-84-9
260 _aК.
_bПравова єдність
_c2010
650 7 _a347 Цивільне право. Судовий устрій
_2UDC
999 _c364470
_d364470